मुगल सम्राट औरंगजेब (Record no. 113769)

MARC details
000 -LEADER
fixed length control field 00653nam a2200193Ia 4500
008 - FIXED-LENGTH DATA ELEMENTS--GENERAL INFORMATION
fixed length control field 090124s9999 xx 000 0 und d
082 ## - DEWEY DECIMAL CLASSIFICATION NUMBER
Item number 47472
100 ## - MAIN ENTRY--PERSONAL NAME
Personal name वैद्य रविन्द्र
245 ## - TITLE STATEMENT
Title मुगल सम्राट औरंगजेब
250 ## - EDITION STATEMENT
Edition statement 1
260 ## - PUBLICATION, DISTRIBUTION, ETC. (IMPRINT)
Date of publication, distribution, etc 2008
300 ## - PHYSICAL DESCRIPTION
Extent 111+05
600 ## - SUBJECT ADDED ENTRY--PERSONAL NAME
Personal name वैद्य रविन्द्र
630 ## - SUBJECT ADDED ENTRY--UNIFORM TITLE
Uniform title मुगल सम्राट औरंगजेब
700 ## - ADDED ENTRY--PERSONAL NAME
Personal name वैद्य रविन्द्र
700 ## - ADDED ENTRY--PERSONAL NAME
Personal name गद्रे प्रभाकर
730 ## - ADDED ENTRY--UNIFORM TITLE
Uniform title मुगल सम्राट औरंगजेब
942 ## - ADDED ENTRY ELEMENTS (KOHA)
Koha item type Book

No items available.